Statistics for 1991 MLB Home Run Leaders

Click here to take the quiz!

General Stats

  • This quiz has been taken 634 times
    (633 since last reset)
  • The average score is 10 of 22

Answer Stats

Home RunsPlayer% Correct
44Jose Canseco
84%
44Cecil Fielder
65%
32Frank Thomas
64%
33Joe Carter
60%
34Cal Ripken
58%
28Paul O'Neill
53%
28Albert Belle
51%
28Darryl Strawberry
50%
29Chili Davis
47%
31Fred McGriff
46%
31Andre Dawson
44%
29Will Clark
42%
28Jack Clark
42%
38Howard Johnson
42%
34Matt Williams
39%
28Dave Winfield
36%
27Kevin Mitchell
34%
32Ron Gant
32%
27Greg Vaughn
28%
27Jay Buhner
23%
31Danny Tartabull
14%
31Mickey Tettleton
14%

Score Distribution

Percentile by Number Answered

Percent of People with Each Score

Your Score History

You have not taken this quiz since the last reset